| 000 -LEADER |
| fixed length control field |
02797 a2200337 4500 |
| 003 - CONTROL NUMBER IDENTIFIER |
| control field |
OSt |
| 005 - DATE AND TIME OF LATEST TRANSACTION |
| control field |
20180116192341.0 |
| 008 - FIXED-LENGTH DATA ELEMENTS--GENERAL INFORMATION |
| fixed length control field |
120215t xxu||||| |||| 00| 0 eng d |
| 010 ## - LIBRARY OF CONGRESS CONTROL NUMBER |
| LC control number |
2007032148 |
| 020 ## - INTERNATIONAL STANDARD BOOK NUMBER |
| International Standard Book Number |
9780471760863 (cloth) |
| 020 ## - INTERNATIONAL STANDARD BOOK NUMBER |
| International Standard Book Number |
0471760862 (cloth) |
| 035 ## - SYSTEM CONTROL NUMBER |
| System control number |
(OCoLC)ocn132297708 |
| 035 ## - SYSTEM CONTROL NUMBER |
| System control number |
(OCoLC)132297708 |
| 040 ## - CATALOGING SOURCE |
| Transcribing agency |
0 |
| 082 00 - DEWEY DECIMAL CLASSIFICATION NUMBER |
| Classification number |
747.068 |
| 100 1# - MAIN ENTRY--PERSONAL NAME |
| Personal name |
Piotrowski, Christine M., |
| 245 10 - TITLE STATEMENT |
| Title |
Professional practice for interior designers / |
| Statement of responsibility, etc. |
Christine M. Piotrowski. |
| 250 ## - EDITION STATEMENT |
| Edition statement |
4th ed. |
| 260 ## - PUBLICATION, DISTRIBUTION, ETC. |
| Place of publication, distribution, etc. |
Hoboken, N.J. : |
| Name of publisher, distributor, etc. |
John Wiley & Sons, |
| Date of publication, distribution, etc. |
c2008. |
| 300 ## - PHYSICAL DESCRIPTION |
| Extent |
xvii, 762 p. : |
| Other physical details |
ill. ; |
| Dimensions |
29 cm. + |
| Accompanying material |
1 CD-ROM (4 3/4 in.) |
| 500 ## - GENERAL NOTE |
| General note |
Include index . |
| 505 ## - FORMATTED CONTENTS NOTE |
| Formatted contents note |
Part I: The Profession of Interior Design. 1. Interior Design as a Profession. 2. Professional Preparation. 3. Ethics and Professional Responsibility. 4. Legal Responsibilities -- Part II: Getting Started. 5. Personal Goals. 6. Professional Options -- Part III: Establishing an Interior Design Practice. 7. Creating a New Interior Design Practice. 8. Advice and Counsel. 9. Business Formations. 10. Business Legal Filings and Licenses. 11. Preparing the Business Plan -- Part IV: Growing the Practice. 12. Practice Organization and Management. 13. Strategic Planning. 14. Human Resource Management. 15. Legal Issues of Employment. 16. Basic Financial Accounting. 17. Financial Management-- Part V: Marketing and Business Development. 18. Marketing Interior Design Services. 19. Promoting the Interior Design Practice. 20. Additional Promotional Methods. 21. Selling Strategies. 22. Design Presentations -- Part VI: Project Compensation and Agreements. 23. Project Compensation and Fees. 24. Preparing Design Contracts. 25. Product Pricing. 26. The Sale of Goods and the Commercial Code. 27. Warranties and Product Liability -- VII: Project Management. 28. The Project Management Process. 29. Trade Sources. 30. contract Documents and Specifications. 31. Contract Administration. 32. Contract Distraction: Delivery and Project Closeout -- VIII: Looking Ahead. 33. Getting the Next-or First-Job. 34. Landing the Job -- Appendix -- Glossary -- |
| 650 #0 - SUBJECT ADDED ENTRY--TOPICAL TERM |
| Topical term or geographic name entry element |
Interior decoration firms |
| Geographic subdivision |
United States |
| General subdivision |
Management. |
| 650 #0 - SUBJECT ADDED ENTRY--TOPICAL TERM |
| Topical term or geographic name entry element |
Design services |
| Geographic subdivision |
United States |
| General subdivision |
Marketing. |
| 650 #0 - SUBJECT ADDED ENTRY--TOPICAL TERM |
| Topical term or geographic name entry element |
Interior decoration |
| General subdivision |
Practice. |
| 856 42 - ELECTRONIC LOCATION AND ACCESS |
| Materials specified |
Contributor biographical information |
| Uniform Resource Identifier |
<a href="http://www.loc.gov/catdir/enhancements/fy0826/2007032148-b.html">http://www.loc.gov/catdir/enhancements/fy0826/2007032148-b.html</a> |
| 856 42 - ELECTRONIC LOCATION AND ACCESS |
| Materials specified |
Publisher description |
| Uniform Resource Identifier |
<a href="http://www.loc.gov/catdir/enhancements/fy0826/2007032148-d.html">http://www.loc.gov/catdir/enhancements/fy0826/2007032148-d.html</a> |
| 856 42 - ELECTRONIC LOCATION AND ACCESS |
| Materials specified |
Table of contents only |
| Uniform Resource Identifier |
<a href="http://www.loc.gov/catdir/enhancements/fy0826/2007032148-t.html">http://www.loc.gov/catdir/enhancements/fy0826/2007032148-t.html</a> |
| 942 ## - ADDED ENTRY ELEMENTS (KOHA) |
| Institution code [OBSOLETE] |
SADA |
| Koha item type |
Book |
| Call number prefix |
747.068 PIO 2008 |
| Source of classification or shelving scheme |
|